000 00960nas a2200313 4500
001 BR0903081
003 BR-BrBNA
005 20231205113409.0
007 ta
008 230509b bl.|||p| |||| 00| 00por d
040 _aBR-BrBNA
_bpor
_cBiblioteca Nacional de Agricultura
041 _a(Pt)
072 _aF61
100 1 _aFonseca, I.M.
100 1 _aPrado, R. de M.
100 1 _aVidal, A. de A.
100 1 _aNogueira, T.A.R.
245 1 _aEfeito da escória, calcário e nitrogênio na absorção de silício e na produção do capim-Marandu
650 _aCAPIM MARANDU
650 _aBRACHIARIA
650 _aCALCARIO
650 _aNITROGENIO
650 _aSILICIO
650 _aABSORÇÃO DE NUTRIENTES
773 0 _tBragantia (Brazil)
_xISSN 0006-8705
_g(Jan-Feb 2009), v. 68(1) p. 221-232
_wBR0903081
856 4 0 _uhttp://www.aprh.pt/rgci/pdf/rgci-155_Borges.pdf
909 _a202311
_bLúcia
_c55
_dLúcia Elande
942 _2AGRIS
_n0
_cANA
999 _c203558
_d203558